00555nam a22001577a 450000500170000001000150001702000260003203500140005803700090007208200140008110000250009524500680012026000560018827001170024430000360036120211228153856.0 aENG-130727 a9789388754903c699.00 aEN-114259 bDBAD a358.80954 aGopalaswamy, Bharath aFinal Frontier:bIndia And Space Security/cBharath Gopalaswamy aChennaibWestland Publication Private Limitedc2019 a1st Floor, A Block, East Wing, Plot No. 40, SP Infocity, Dr MGR Saiai, Purungudi, KandanchavadibChennaie600096 av-ix, 256pc22cm(hbk)bEndnotes